La ley de cristo: la teología moral expuesta a sacerdotes y seglares

Gorde:
Xehetasun bibliografikoak
Egile nagusia: Häring, Bernhard (Egilea)
Formatua: Liburua
Hizkuntza:gaztelania
Argitaratua: Barcelona Herder 1961
Edizioa:2a. ed
Saila:Biblioteca Herder. Sección de Teología y Filosofía, 33
Gaiak:
Etiketak: Etiketa erantsi
Etiketarik gabe, Izan zaitez lehena erregistro honi etiketa jartzen!

MARC

LEADER 00000nam a2200000 a 4500
001 UCR1806
003 CL-VaPUC
008 971219e19610000SP |||||||||||||||||spa|d
082 0 4 |a 241  |b HAR  |2 21 
100 0 |a Häring, Bernhard  |e author  |9 349274 
245 1 3 |a La ley de cristo: la teología moral expuesta a sacerdotes y seglares 
250 |a 2a. ed 
300 |a v 
942 |c BK 
945 |d 19971219 00:00:00  |a jquezada 
260 |a Barcelona  |b Herder  |c 1961 
650 0 |a Teología moral   |9 256617 
650 0 |a Sacerdotes   |9 315705 
650 0 |a Vida religiosa  |9 257284 
650 0 |a Vocación sacerdotal  |9 392453 
650 0 |a Ética cristiana   |9 308677 
650 7 |a CONVERSION  |2 CL-VaPUC  |9 310975 
650 0 |a Conciencia  |9 309452 
650 0 |a Pecado  |9 314980 
650 7 |a CONFESION  |2 CL-VaPUC  |9 314483 
650 0 |a Virtudes cardinales  |9 399306 
650 0 |a Religión   |9 255164 
650 0 |a Sacramentos   |9 257270 
650 7 |a CULTO  |2 CL-VaPUC  |9 314205 
583 |a last modification  |c 19971219 00:00:00  |k Rodrigo Vera 
490 0 |a Biblioteca Herder. Sección de Teología y Filosofía, 33 
999 |c 265169  |d 265167 
952 |0 0  |1 0  |4 0  |6 241_000000000000000_HAR_1961  |7 0  |8 A  |9 295989  |a BIBTEO  |b BIBTEO  |d 2019-11-20  |h v.1  |i 3384098  |o 241 HAR 1961  |p 3384098  |r 2025-01-17  |w 2019-11-20  |y BK  |k ICR 
952 |0 0  |1 0  |4 0  |6 241_000000000000000_HAR_1961  |7 0  |8 A  |9 295990  |a BIBTEO  |b BIBTEO  |d 2019-11-20  |h v.1  |i 3384489  |o 241 HAR 1961  |p 3384489  |r 2025-01-17  |w 2019-11-20  |y BK  |k ICR 
952 |0 0  |1 0  |4 0  |6 241_000000000000000_HAR_1961  |7 0  |8 A  |9 295991  |a BIBTEO  |b BIBTEO  |d 2019-11-20  |h v.1  |i 3384497  |o 241 HAR 1961  |p 3384497  |r 2025-01-17  |w 2019-11-20  |y BK  |k ICR 
952 |0 0  |1 0  |4 0  |6 241_000000000000000_HAR_1961  |7 0  |8 A  |9 295992  |a BIBTEO  |b BIBTEO  |d 2019-11-20  |h v.2  |i 3384500  |o 241 HAR 1961  |p 3384500  |r 2025-01-17  |w 2019-11-20  |y BK  |k ICR